| 000 | 01444cam a2200229 4500 | ||
|---|---|---|---|
| 001 | ABS66764 | ||
| 008 | 030702n2003 000 0 eng u | ||
| 035 | _a(Sirsi) u122851 | ||
| 100 | _aBingham, T. | ||
| 245 | _aAh-ha!!! | ||
| 260 | _c2003 | ||
| 490 |
_aBuilding _v268(8287) 13 June 2003, 50-51(2) |
||
| 520 | _aDiscusses emerging case law on adjudication of a dispute over alleged wrongful termination of a subcontract. Examines the HC ruling in "Orange E B S Ltd v A B B Ltd" ([2003] EWCH 1187 (TCC), {2003] BLR 323-330(8) where the subcontractor's had submitted its final account on 2 December. The subcontractor requested to be given until 20 January to consider the claim, called an adjudication in on 6 January. Also reflects critically on the shutdown of the construction industry over Christmas and the New Year and considers that the outcome of this case in favour of the sub-contractor was possibly not fair. View judgment at www.bailii.org. | ||
| 590 | _aABS | ||
| 650 | _aSUBCONTRACTS | ||
| 650 | _aORANGE E B S LTD V A B B LTD | ||
| 650 | _aCONSTRUCTION INDUSTRY | ||
| 650 | _aMANAGEMENT-DISPUTE AVOIDANCE, MANAGEMENT AND RESOLUTION-DISPUTE MANAGEMENT AND RESOLUTION-ALTERNATIVE DISPUTE RESOLUTION-ADJUDICATION | ||
| 690 | _aBUILT ENVIRONMENT-BUILDING CONTRACT FORMS | ||
| 856 |
_uhttps://www.bailii.org/cgi-bin/markup.cgi?doc=/ew/cases/EWHC/TCC/2003/1187.html _vView judgment on the BAILII website... |
||
| 942 | _n0 | ||
| 999 |
_c72976 _d72976 |
||